Chemical product design

Spremljeno u:
Bibliografski detalji
Glavni autor: Cussler, E. L.
Format: Knjiga
Jezik:Undetermined
Izdano: Cambridge Cambridge University Press 2001
Teme:
Oznake: Dodaj oznaku
Bez oznaka, Budi prvi tko označuje ovaj zapis!
Thư viện lưu trữ: Trung tâm Học liệu Trường Đại học Cần Thơ
LEADER 00516nam a2200193Ia 4500
001 CTU_74793
008 210402s9999 xx 000 0 und d
020 |c 239000 
082 |a 660 
082 |b C986 
100 |a Cussler, E. L. 
245 0 |a Chemical product design 
245 0 |c E. L. Cussler, G. D. Moggridge 
260 |a Cambridge 
260 |b Cambridge University Press 
260 |c 2001 
650 |a Chemical industry 
904 |i Tuyến 
980 |a Trung tâm Học liệu Trường Đại học Cần Thơ